| 000 | 005150000a22001930004500 | ||
|---|---|---|---|
| 003 | LK-CoMWRAF | ||
| 005 | 20230923064916.0 | ||
| 008 | 230817t1975 ||||| |||| 00| 0 eng d | ||
| 040 |
_aLK-CoMWRAF _dLK-CoMWRAF _eLK-CoMWRAF |
||
| 041 | _aeng | ||
| 082 |
_a297 _bRAH |
||
| 245 |
_aMohammad in prophecy and in fact _b(Peace be upon him) |
||
| 250 | _aThird Edition | ||
| 260 |
_aPakistan (Karachi) : _bAshraf Publications, _c1975 |
||
| 300 | _a77p | ||
| 650 | _aIslam | ||
| 700 |
_aRahim, M.A. _ecomp. |
||
| 942 | _cBK | ||
| 999 |
_c2022 _d2022 |
||